| 000 | 00448cam a2200193ua 4500 | ||
|---|---|---|---|
| 020 | _c2.00 | ||
| 041 |
_aeng _h |
||
| 082 |
_a823.308 _bELI/AD |
||
| 100 | _aEliot, George. | ||
| 245 |
_aAdam bede / _cGeorge Eliot. _hTextual Documents |
||
| 250 |
_a1 / _b. |
||
| 260 |
_aLondon : _bOrient-Longman Ltd , _c1962. |
||
| 300 | _a134, 509 ; . | ||
| 365 | _a2.00 | ||
| 504 | _a | ||
| 942 | _cBK | ||
| 999 |
_c7865 _d7865 |
||